|
|
|
|
| LEADER |
03393nam a22005415i 4500 |
| 001 |
978-88-470-2484-7 |
| 003 |
DE-He213 |
| 005 |
20151204153611.0 |
| 007 |
cr nn 008mamaa |
| 008 |
120329s2012 it | s |||| 0|ita d |
| 020 |
|
|
|a 9788847024847
|9 978-88-470-2484-7
|
| 024 |
7 |
|
|a 10.1007/978-88-470-2484-7
|2 doi
|
| 040 |
|
|
|d GrThAP
|
| 050 |
|
4 |
|a QB980-991
|
| 072 |
|
7 |
|a PHR
|2 bicssc
|
| 072 |
|
7 |
|a SCI015000
|2 bisacsh
|
| 082 |
0 |
4 |
|a 523.1
|2 23
|
| 100 |
1 |
|
|a Gasperini, Maurizio.
|e author.
|
| 245 |
1 |
0 |
|a Lezioni di Cosmologia Teorica
|h [electronic resource] /
|c by Maurizio Gasperini.
|
| 264 |
|
1 |
|a Milano :
|b Springer Milan :
|b Imprint: Springer,
|c 2012.
|
| 300 |
|
|
|a XIII, 250 pagg.
|b online resource.
|
| 336 |
|
|
|a text
|b txt
|2 rdacontent
|
| 337 |
|
|
|a computer
|b c
|2 rdamedia
|
| 338 |
|
|
|a online resource
|b cr
|2 rdacarrier
|
| 347 |
|
|
|a text file
|b PDF
|2 rda
|
| 490 |
1 |
|
|a UNITEXT,
|x 2038-5714
|
| 505 |
0 |
|
|a Richiami di relatività generale -- La geometria di Friedmann-Robertson-Walker -- La dinamica del modello cosmologico standard -- Il modello inflazionario -- Inflazione "slow-roll" -- Teoria delle perturbazioni cosmologiche -- L'anisotropia della redazione cosmica -- Il fondo di radiazione gravitazionale fossile. Appendice A: La cosmologia delle membrane -- Appendice B: Medie covarianti per metriche non omogenee.
|
| 520 |
|
|
|a Il libro è basato sulle lezioni attualmente tenute dall'autore presso l’Università di Bari, ed è progettato in modo da rappresentare un testo di riferimento il più possibile moderno, completo e autosufficiente per i corsi semestrale di Cosmologia, Astrofisica o Fisica Astroparticellare che compaiono nel piano di studi della Laurea Magistrale in Fisica e in Astronomia. Contiene gli elementi di base della cosmologia relativistica, del modello cosmologico standard e del suo completamento inflazionario. E' organizzato per servire da traccia ad un corso di cosmologia di stampo teorico, ma cerca di non perdere mai di vista il confronto con i principali risultati osservativi: molta attenzione viene infatti dedicata alla fenomenologia dei fondi cosmici, e in particolare alla radiazione gravitazionale fossile perché la sua rivelazione, diretta o indiretta, potrebbe dare indicazioni cruciali sulla scelta del corretto modello per l'Universo primordiale. Non mancano infine alcuni accenni ad argomenti di interesse emergente, di tipo teorico-fenomenologico, come lo studio dell'effetto di "deriva" del redshift, la cosmologia delle membrane, e il problema delle medie cosmologiche fatte su ipersuperfici spaziali (o nulle) non omogenee.
|
| 650 |
|
0 |
|a Physics.
|
| 650 |
|
0 |
|a Quantum field theory.
|
| 650 |
|
0 |
|a String theory.
|
| 650 |
|
0 |
|a Gravitation.
|
| 650 |
|
0 |
|a Astronomy.
|
| 650 |
|
0 |
|a Astrophysics.
|
| 650 |
|
0 |
|a Cosmology.
|
| 650 |
1 |
4 |
|a Physics.
|
| 650 |
2 |
4 |
|a Cosmology.
|
| 650 |
2 |
4 |
|a Astronomy, Astrophysics and Cosmology.
|
| 650 |
2 |
4 |
|a Astrophysics and Astroparticles.
|
| 650 |
2 |
4 |
|a Classical and Quantum Gravitation, Relativity Theory.
|
| 650 |
2 |
4 |
|a Quantum Field Theories, String Theory.
|
| 710 |
2 |
|
|a SpringerLink (Online service)
|
| 773 |
0 |
|
|t Springer eBooks
|
| 776 |
0 |
8 |
|i Printed edition:
|z 9788847024830
|
| 830 |
|
0 |
|a UNITEXT,
|x 2038-5714
|
| 856 |
4 |
0 |
|u http://dx.doi.org/10.1007/978-88-470-2484-7
|z Full Text via HEAL-Link
|
| 912 |
|
|
|a ZDB-2-PHA
|
| 950 |
|
|
|a Physics and Astronomy (Springer-11651)
|